| 000 | 00688cam a2200133 4500500 | ||
|---|---|---|---|
| 005 | 20251228133622.0 | ||
| 041 | _afre | ||
| 042 | _adc | ||
| 245 | 0 | 0 | _aMANGENOT, Michel; POLET, Robert, Dialogue social européen et fonction publique. Une européanisation sans les Etats? Maastricht (Pays-Bas); Bucarest (Roumanie) : Institut Européen d’Administration Publique; 2004. 157 p. ISBN:90-6779-194-6 |
| 260 | _c2005. | ||
| 500 | _a4 | ||
| 786 | 0 | _nRevue Internationale des Sciences Administratives | 71 | 3 | 2005-09-01 | p. 567m-571m | 0303-965X | |
| 856 | 4 | 1 | _uhttps://droit.cairn.info/revue-internationale-des-sciences-administratives-2005-3-page-567m?lang=fr&redirect-ssocas=7080 |
| 999 |
_c1607314 _d1607314 |
||